[Event "Cappelle Online Blitz op"]
[Site "Europe Echecs INT"]
[Date "2022.01.09"]
[Round "3"]
[White "Benmesbah, Natacha"]
[Black "Allentin, Eric"]
[Result "1-0"]
[WhiteElo "2221"]
[BlackElo "1807"]
[PlyCount "43"]
[EventDate "2022.01.09"]
[EventType "swiss (blitz)"]
[EventRounds "11"]
[EventCountry "FRA"]
[SourceTitle "EXT 2023"]
[Source "ChessBase"]
[SourceDate "2022.10.05"]
[SourceVersion "1"]
[SourceVersionDate "2022.10.05"]
[SourceQuality "1"]

1. e4 c6 2. Nc3 d5 3. Nf3 Bg4 4. h3 Bxf3 5. Qxf3 e6 6. Be2 Nd7 7. 0-0 Ngf6 8. d4 dxe4 9. Nxe4 Nxe4 10. Qxe4 Nf6 11. Qd3 Be7 12. a4 Qc7 13. a5 0-0 14. Qf3 Rfd8 15. c3 c5 16. Bf4 Qc6 17. a6 Nd5 18. axb7 Qxb7 19. c4 cxd4 20. cxd5 Rxd5 21. Bd3 e5 22. Bxe5 1-0

[Event "Cappelle Online Blitz op"]
[Site "Europe Echecs INT"]
[Date "2021.03.07"]
[Round "11"]
[White "Grabowski, Marek"]
[Black "Allentin, Eric"]
[Result "0-1"]
[WhiteElo "1827"]
[BlackElo "1854"]
[PlyCount "40"]
[EventDate "2021.03.07"]
[EventType "swiss (blitz)"]
[EventRounds "11"]
[EventCountry "FRA"]
[SourceTitle "CBM 201 Extra"]
[Source "ChessBase"]
[SourceDate "2021.05.31"]
[SourceVersion "1"]
[SourceVersionDate "2021.05.31"]
[SourceQuality "1"]

1. e4 c6 2. d4 d5 3. Nc3 dxe4 4. Nxe4 Nd7 5. Nf3 Ngf6 6. Bd3 e6 7. Bg5 Be7 8. 0-0 0-0 9. c3 b6 10. Qc2 h6 11. Bxf6 Nxf6 12. Rad1 Bb7 13. b3 Rc8 14. Rfe1 Qc7 15. h3 c5 16. dxc5 Nxe4 17. Bxe4 Bxc5 18. Nd4 Bxd4 19. Rxd4 Bxe4 20. Rdd1 Bxc2 0-1

[Event "Cappelle Online Blitz op"]
[Site "Europe Echecs INT"]
[Date "2021.03.07"]
[Round "9"]
[White "Juhasz, Barbara"]
[Black "Allentin, Eric"]
[Result "1-0"]
[WhiteElo "2211"]
[BlackElo "1854"]
[PlyCount "27"]
[EventDate "2021.03.07"]
[EventType "swiss (blitz)"]
[EventRounds "11"]
[EventCountry "FRA"]
[SourceTitle "CBM 201 Extra"]
[Source "ChessBase"]
[SourceDate "2021.05.31"]
[SourceVersion "1"]
[SourceVersionDate "2021.05.31"]
[SourceQuality "1"]

1. e4 c6 2. d4 d5 3. Nd2 dxe4 4. Nxe4 Nd7 5. Bc4 Nb6 6. Bb3 e6 7. Nf3 Nf6 8. Nxf6+ Qxf6 9. Bg5 Qg6 10. c3 c5 11. Bc2 f5 12. dxc5 Bxc5 13. Qd8+ Kf7 14. Ne5# 1-0

[Event "Cappelle Online Rapid op"]
[Site "Europe Echecs INT"]
[Date "2021.03.06"]
[Round "8"]
[White "Levannier Gouel, Marius"]
[Black "Allentin, Eric"]
[Result "1-0"]
[WhiteElo "1676"]
[BlackElo "1854"]
[PlyCount "101"]
[EventDate "2021.03.06"]
[EventType "swiss (rapid)"]
[EventRounds "9"]
[EventCountry "FRA"]
[SourceTitle "CBM 201 Extra"]
[Source "ChessBase"]
[SourceDate "2021.05.31"]
[SourceVersion "1"]
[SourceVersionDate "2021.05.31"]
[SourceQuality "1"]

1. e4 c6 2. d4 d5 3. Nc3 dxe4 4. Nxe4 Nd7 5. Bc4 Ngf6 6. Ng5 e6 7. Qe2 Nb6 8. Bb3 Bd6 9. N5f3 0-0 10. Ne5 c5 11. c3 cxd4 12. cxd4 Bb4+ 13. Bd2 Qxd4 14. Ngf3 Bxd2+ 15. Qxd2 Qxd2+ 16. Nxd2 Bd7 17. 0-0 Bb5 18. Rfd1 Nbd5 19. Ndf3 Rac8 20. Nd4 Ba6 21. Rac1 g6 22. g4 h6 23. h4 Nf4 24. Kh2 Ne2 25. Rxc8 Rxc8 26. g5 hxg5 27. hxg5 Nh5 28. Nxe2 Bxe2 29. Rd7 Rc1 30. Rxf7 Ng7 31. Rxb7 Rc5 32. Nxg6 Rxg5 33. Nf4 Bf3 34. Rb8+ Kf7 35. Rh8 Kf6 36. Rh6+ Kf5 37. Nxe6 Rg2+ 38. Kh3 Nxe6 39. Bxe6+ Kg5 40. Rh8 Rxf2 41. Kg3 Re2 42. Bc4 Re4 43. Bd5 Re2 44. Bxf3 Rxb2 45. Bd5 a5 46. Ra8 Rb5 47. Bb3 Kf6 48. Kf4 Ke7 49. Ke4 Kd6 50. Kd4 Kc6 51. Ba4 1-0

[Event "Cappelle Online Bullet op"]
[Site "Europe Echecs INT"]
[Date "2021.03.05"]
[Round "4"]
[White "Savina, Anastasia"]
[Black "Allentin, Eric"]
[Result "1-0"]
[WhiteElo "2333"]
[BlackElo "1854"]
[PlyCount "63"]
[EventDate "2021.03.05"]
[EventType "swiss (blitz)"]
[EventRounds "15"]
[EventCountry "FRA"]
[SourceTitle "EXT 2022"]
[Source "ChessBase"]
[SourceDate "2021.10.06"]
[SourceVersion "1"]
[SourceVersionDate "2021.10.06"]
[SourceQuality "1"]

1. d4 c6 2. c4 d5 3. Nc3 Nf6 4. e3 Bf5 5. Nf3 e6 6. Bd3 Nbd7 7. Bxf5 exf5 8. 0-0 g6 9. cxd5 Nxd5 10. Qb3 Qb6 11. Nxd5 cxd5 12. Qxd5 Bg7 13. e4 fxe4 14. Qxe4+ Qe6 15. Qxe6+ fxe6 16. Re1 Ke7 17. Bg5+ Bf6 18. Bxf6+ Kxf6 19. Re3 Rhe8 20. Rae1 Nb6 21. h4 Rad8 22. Re4 h6 23. Ne5 Nd5 24. Rg4 g5 25. hxg5+ hxg5 26. g3 Kf5 27. Rge4 Nb4 28. g4+ Kf6 29. Kg2 Nc2 30. Rc1 Nxd4 31. Rc7 Nc6 32. Rf7# 1-0

[Event "Cappelle Online Blitz op 1st"]
[Site "Europe Echecs INT"]
[Date "2021.01.10"]
[Round "10"]
[White "Mekhane, Adam"]
[Black "Allentin, Eric"]
[Result "1-0"]
[WhiteElo "1981"]
[BlackElo "1854"]
[PlyCount "57"]
[EventDate "2021.01.10"]
[EventType "swiss (blitz)"]
[EventRounds "11"]
[EventCountry "FRA"]
[SourceTitle "CBM 200 Extra"]
[Source "ChessBase"]
[SourceDate "2021.03.31"]
[SourceVersion "1"]
[SourceVersionDate "2021.03.31"]
[SourceQuality "1"]

1. e4 c6 2. d4 d5 3. Nd2 dxe4 4. Nxe4 Nd7 5. Nf3 Ngf6 6. Nxf6+ Nxf6 7. c3 Bg4 8. h3 Bh5 9. g4 Bg6 10. Ne5 e6 11. Bg2 Bd6 12. Bf4 Bxe5 13. Bxe5 Be4 14. Bxf6 Qxf6 15. Bxe4 0-0-0 16. Qf3 Qe7 17. 0-0-0 g6 18. Kb1 f5 19. gxf5 exf5 20. Bd3 Qf6 21. Rhe1 Rd6 22. Re5 Rhd8 23. Rde1 Qg5 24. Bc2 h5 25. Re7 R8d7 26. Rxd7 Rxd7 27. Re8+ Kc7 28. Qg3+ Qxg3 29. fxg3 1-0